000 00288nam a22001337a 4500
008 170919b xxu||||| |||| 00| 0 eng d
020 _a9780321330628
041 _aeng
080 _a77
100 _a44
101 _aART
245 _aTHE PHOTOSHOP CS2 BOOK
_cKELBY.S
942 _2udc
_cBK
999 _c28221
_d28221